000 00300nam a22001217a 4500
008 170706b xxu||||| |||| 00| 0 eng d
041 _aeng
080 _a811
100 _a22
101 _aGJL
245 _aTHE CRITICAL TEMPER A LIBRARY OF LITERATURE CRITICISM
_cTUCKER.M
942 _2udc
_cBK
999 _c20011
_d20011